000
00286nam a2200109Ia 4500
008
220216s9999 xx 000 0 und d
245
0
_a
Rubber usage to increase 4.1;yearly through 2013
260
_b
Rubber World
_c
2010
300
_a
9
650
_a
World rubber consumption
942
_c
JS
999
_c
68106
_d
68106